000 00853cab a2200253 4500
001 ABS59339
008 090401t1998 xxu||||| |||| 00| 0 eng d
035 _a(Sirsi) u88459
041 _aeng
100 _aRydin, Y.
245 4 _aThe cry goes up: contain the spread of cities
260 _c1998
350 _a0
490 _aCSM
_bChartered Surveyor Monthly
_v8(1)September 1998, 32-33(2)
520 _aReports on a UN congress in June 1998 which brought together the results of research on urban development from accross Europe. Every country represented supported the planning ideal of compact cities.
650 _aCOMPACT CITIES
650 _aGLOBAL DEVELOPMENT
650 _aINTERNATIONAL POLICY
650 _aUNITED NATIONS
650 _aURBANISATION
690 _aPLANNING LAW AND PRACTICE
942 _n0
948 _c14/09/1998
999 _c55881
_d55881